A menekültek védelme a nemzetközi jogban, különös tekintettel a menekültvédelem egyes jelenkori problémáira

Elmentve itt :
Bibliográfiai részletek
Szerző: Matuszka Petra
További közreműködők: Szalai Anikó (Témavezető)
Dokumentumtípus: Szakdolgozat
Megjelent: 2015
Tárgyszavak:
Law
Online Access:http://diploma.bibl.u-szeged.hu/132866
LEADER 00856nta a2200205 i 4500
001 dipl132866
005 20230214123144.0
008 230214s2015 hu om 0|| hun d
040 |a SZTE Diploma Repozitórium  |b hun 
041 |a hun 
100 1 |a Matuszka Petra 
245 1 2 |a A menekültek védelme a nemzetközi jogban, különös tekintettel a menekültvédelem egyes jelenkori problémáira  |h [elektronikus dokumentum] /  |c Petra Matuszka 
246 1 0 |a Refugee Protection in International Law, In Particular the Contemporary Problems of Refugee Protection  |h [elektronikus dokumentum] 
260 |c 2015 
650 4 |a Jogi és igazgatási tanulmányok 
650 4 |a Social sciences 
650 4 |a Law 
650 4 |a Human rights 
700 1 |a Szalai Anikó  |e ths 
856 4 0 |u https://diploma.bibl.u-szeged.hu/id/eprint/132866/1/2015_matuszka_petra.pdf  |z Dokumentum-elérés